000 00233 a2200097 4500
001 20512
100 _aPonomarey B N
245 _aA Short History of the Communist Party
260 _a
_bProgress Publishers
_c
090 _c14909
_d14909
942 _aNUST-CAE
_cM
_c5457
999 _c255585
_d255585